[Event "17. Europa ch Juvenil - Femenino s16"]
[Site "Sibenik CRO"]
[Date "2007.09.23"]
[Round "9.20"]
[White "Manelidou, Maria"]
[Black "Manyoki, Anna"]
[Result "0-1"]
[WhiteElo "1920"]
[BlackElo "1979"]
[PlyCount "60"]
[EventDate "2007.09.14"]
[EventType "swiss"]
[EventRounds "9"]
[EventCountry "CRO"]
[Source "lmi"]
[SourceDate "2007.09.14"]

1. e4 e5 2. Nf3 Nc6 3. Bc4 Bc5 4. c3 Nf6 5. d3 a6 6. O-O d6 7. h3 Ba7 8. Be3
O-O 9. Nbd2 Na5 10. Bxa7 Rxa7 11. Qe2 Re8 12. Rae1 b5 13. Bb3 Nxb3 14. axb3 c5
15. Nh2 d5 16. exd5 Nxd5 17. Ne4 Rc7 18. Rd1 f5 19. Ng3 Nf4 20. Qc2 Bb7 21. f3
Qg5 22. Qf2 Rd8 23. Rfe1 Nxd3 24. Rxd3 Rxd3 25. Rxe5 Qd2 26. Re2 Qc1+ 27. Nhf1
f4 28. Nf5 Rd1 29. Re8+ Kf7 30. Qe2 Rxf1+ 0-1

[Event "17. Europa ch Juvenil - Femenino s16"]
[Site "Sibenik CRO"]
[Date "2007.09.23"]
[Round "9.22"]
[White "Gvilava, Maya"]
[Black "Batkovskyte, Dominyka"]
[Result "0-1"]
[WhiteElo "2046"]
[BlackElo "1924"]
[PlyCount "64"]
[EventDate "2007.09.14"]
[EventType "swiss"]
[EventRounds "9"]
[EventCountry "CRO"]
[Source "lmi"]
[SourceDate "2007.09.14"]

1. e4 e6 2. d4 d5 3. Nd2 Nf6 4. e5 Nfd7 5. Bd3 c5 6. c3 Nc6 7. Ne2 cxd4 8. cxd4
f6 9. Nf4 Nxd4 10. Qh5+ Ke7 11. Ng6+ hxg6 12. exf6+ Nxf6 13. Qxh8 e5 14. Bxg6
e4 15. O-O Ne2+ 16. Kh1 Nf4 17. Bxe4 dxe4 18. Qh4 Ng6 19. Qg5 Kf7 20. Nb3 Be7
21. Be3 Qh8 22. f3 Bd6 23. Bg1 Bf4 24. Qc5 b6 25. Qb5 Bd7 26. Qe2 Nh5 27. Bf2
e3 28. Rfd1 Be6 29. g4 exf2 30. gxh5 Qxh5 31. Qxf2 Rh8 32. Nd4 Bxh2 0-1

[Event "17. Europa ch Juvenil - Femenino s16"]
[Site "Sibenik CRO"]
[Date "2007.09.23"]
[Round "9.24"]
[White "Asgarova, Turan"]
[Black "Mijatovic, Andrea"]
[Result "1-0"]
[WhiteElo "1989"]
[BlackElo "1844"]
[PlyCount "75"]
[EventDate "2007.09.14"]
[EventType "swiss"]
[EventRounds "9"]
[EventCountry "CRO"]
[Source "lmi"]
[SourceDate "2007.09.14"]

1. e4 c5 2. Nf3 d6 3. d4 cxd4 4. Nxd4 Nf6 5. Nc3 a6 6. Be2 e5 7. Nf3 Be6 8. O-O
Be7 9. a4 Qc7 10. h3 O-O 11. Be3 Nbd7 12. a5 Rac8 13. Bd3 Qc6 14. Ng5 Bc4 15.
Nd5 Rfe8 16. Bxc4 Qxc4 17. b3 Qc6 18. c4 h6 19. Nf3 Nxe4 20. Nxe7+ Rxe7 21. Nh4
Kf8 22. f4 Ndf6 23. Nf5 Rec7 24. fxe5 dxe5 25. Qe1 Nh7 26. Qc1 Qg6 27. Bb6 Rd7
28. Qa3+ Ke8 29. Rad1 Nhg5 30. Rxd7 Kxd7 31. Rd1+ Ke6 32. Qe7+ Kxf5 33. Rf1+
Nf2 34. Rxf2+ Ke4 35. Re2+ Kd3 36. Re3+ Kd2 37. Qb4+ Kc1 38. Qc3+ 1-0